F1 race winners sudden death - Statistics

General Stats
  • This quiz has been taken 220 times
  • The average score is 9 of 27
Answers on the Grid
Answers color-coded by a green-red scale on the quiz's grid according to % correct below.
Lewis Hamilton
Oscar Piastri
Michael Schumacher
Alex Albon
Nick Heidfeld
Kevin Magnussen
Chris Amon
Michael Andretti
Mario Andretti
Innes Ireland
Pastor Maldonado
Alan Jones
Mark Webber
Andrea De Cesaris
Yuki Tsunoda
Louis Chiron
Jos Verstappen
Romain Grosjean
Martin Brundle
José Froilán González
Max Verstappen
Jack Brabham
Bruce McLaren
Enzo Ferrari
Peter Gethin
Pedro Rodriguez
Jean-Pierre Jarier
Mick Schumacher
Jenson Button
Ayrton Senna
Bruno Senna
Alain Prost
George Russell
Pietro Fittipaldi
Emerson Fittipaldi
Christian Fittipaldi
Wilson Fittipaldi
Stirling Moss
Gerhard Berger
Nigel Mansell
Jackie Stewart
James Hunt
Lance Stroll
Marcus Ericsson
Dale Earnheart
Valentino Rossi
Juan Manuel Fangio
Nelson Piquet Jr.
 
Answer Stats
Answer % Correct
Max Verstappen
56%
Michael Schumacher
54%
Lewis Hamilton
51%
George Russell
50%
Ayrton Senna
48%
Oscar Piastri
46%
Alain Prost
45%
Mark Webber
44%
Juan Manuel Fangio
42%
Nigel Mansell
41%
Jackie Stewart
40%
Jenson Button
39%
Jack Brabham
38%
James Hunt
38%
Stirling Moss
37%
Emerson Fittipaldi
34%
Alan Jones
32%
Gerhard Berger
31%
Mario Andretti
31%
Bruce McLaren
29%
Pastor Maldonado
29%
Pedro Rodriguez
14%
José Froilán González
12%
Andrea De Cesaris
9%
Nelson Piquet Jr.
9%
Peter Gethin
9%
Innes Ireland
8%
No matching quizzes found
Score Distribution
Percent of People with Each Score
Percentile by Number Answered
Your Score History
You have not taken this quiz